Ako loviť v absolventskom rybníku

Výchova tzv. manažérskeho dorastu z radov mladých pracovníkov, absolventov škôl a študentov. Úroveň vzdelania. Počet študentov študujúcich na ekonomických školách v školskom roku 1996/1997. Faktory vplývajúce na výber povolania. Poradie odvetví a firiem podľa záujmu študentov.

Enregistré dans:
Détails bibliographiques
Auteur principal: Ondruška, Peter
Autres auteurs: Vittek, M.
Format: Chapitre de livre
Langue:slovaque
Sujets:
Tags: Ajouter un tag
Pas de tags, Soyez le premier à ajouter un tag!

MARC

LEADER 00000naa a2200000 4500
001 r022280
005 20230801110129.7
041 0 |a slo 
044 |a SK 
245 1 0 |a Ako loviť v absolventskom rybníku  |c Peter Ondruška, M. Vittek 
520 |a Výchova tzv. manažérskeho dorastu z radov mladých pracovníkov, absolventov škôl a študentov. Úroveň vzdelania. Počet študentov študujúcich na ekonomických školách v školskom roku 1996/1997. Faktory vplývajúce na výber povolania. Poradie odvetví a firiem podľa záujmu študentov. 
610 2 0 |a Slovensko 
610 2 0 |a 1996 
610 2 0 |a školy vysoké 
610 2 0 |a ekonómia 
610 2 0 |a študenti 
610 2 0 |a absolventi 
610 2 0 |a vzdelanie 
610 2 0 |a výber zamestnania 
100 1 |a Ondruška, Peter 
700 1 |a Vittek, M.